The circuits and filters handbook: Analog and VLSI circuits (Record no. 11781)

000 -LEADER
fixed length control field 01300cam a2200337 a 4500
001 - CONTROL NUMBER
control field 15519584
005 - DATE AND TIME OF LATEST TRANSACTION
control field 20170105102348.0
008 - FIXED-LENGTH DATA ELEMENTS--GENERAL INFORMATION
fixed length control field 081112s2009 flua b 001 0 eng
010 ## - LIBRARY OF CONGRESS CONTROL NUMBER
LC control number 2008048128
015 ## - NATIONAL BIBLIOGRAPHY NUMBER
National bibliography number GBA910375
Source bnb
016 7# - NATIONAL BIBLIOGRAPHIC AGENCY CONTROL NUMBER
Record control number 014894650
Source Uk
020 ## - INTERNATIONAL STANDARD BOOK NUMBER
International Standard Book Number 9781420058918
020 ## - INTERNATIONAL STANDARD BOOK NUMBER
International Standard Book Number 1420058916
035 ## - SYSTEM CONTROL NUMBER
System control number (OCoLC)ocn148842752
040 ## - CATALOGING SOURCE
Original cataloging agency DLC
Transcribing agency DLC
Modifying agency BTCTA
-- BAKER
-- UKM
-- YDXCP
-- C#P
-- BWX
-- DLC
082 00 - DEWEY DECIMAL CLASSIFICATION NUMBER
Classification number 621.395
Edition number 22
245 04 - TITLE STATEMENT
Title The circuits and filters handbook: Analog and VLSI circuits
Name of part/section of a work Analog and VLSI circuits
Statement of responsibility, etc. Wai-Kai Chen
246 30 - VARYING FORM OF TITLE
Title proper/short title Analog and VLSI circuits
250 ## - EDITION STATEMENT
Edition statement 3rd ed.
260 ## - PUBLICATION, DISTRIBUTION, ETC.
Place of publication, distribution, etc. Boca Raton :
Name of publisher, distributor, etc. CRC Press,
Date of publication, distribution, etc. c2009.
300 ## - PHYSICAL DESCRIPTION
Extent 1 v. (various pagings) :
Other physical details ill. ;
Dimensions 27 cm.
504 ## - BIBLIOGRAPHY, ETC. NOTE
Bibliography, etc. note Includes bibliographical references and index.
650 #0 - SUBJECT ADDED ENTRY--TOPICAL TERM
Topical term or geographic name entry element Linear integrated circuits.
650 #0 - SUBJECT ADDED ENTRY--TOPICAL TERM
Topical term or geographic name entry element Integrated circuits
General subdivision Very large scale integration.
650 #0 - SUBJECT ADDED ENTRY--TOPICAL TERM
Topical term or geographic name entry element Electronic circuits.
700 1# - ADDED ENTRY--PERSONAL NAME
Personal name Chen, Wai-Kai,
Dates associated with a name 1936-
856 42 - ELECTRONIC LOCATION AND ACCESS
Materials specified Publisher description
Uniform Resource Identifier <a href="http://www.loc.gov/catdir/enhancements/fy0904/2008048128-d.html">http://www.loc.gov/catdir/enhancements/fy0904/2008048128-d.html</a>
906 ## - LOCAL DATA ELEMENT F, LDF (RLIN)
a 7
b cbc
c orignew
d 1
e ecip
f 20
g y-gencatlg
942 ## - ADDED ENTRY ELEMENTS (KOHA)
Source of classification or shelving scheme
Koha item type Book
Holdings
Withdrawn status Lost status Damaged status Not for loan Collection code Permanent Location Current Location Shelving location Date acquired Source of acquisition Cost, normal purchase price Total Checkouts Full call number Barcode Date last seen Price effective from Koha item type
          Central Library (CL) Central Library (CL) General Stacks 04/09/2013 Multi-Line Books 3306.13   621.395 CHE SEECS012165 04/18/2013 04/18/2013 Book
© 2023 Central Library, National University of Sciences and Technology. All Rights Reserved.